000 00462nam a22001937a 4500
003 MPLRDC
005 20220104123545.0
008 210129b ||||| |||| 00| 0 eng d
020 _a957-8805-11-X
082 _a399.6 HWG
100 _a黄伟光主编
245 _a身体的润滑剂. 维他命
_c
250 _a初版
260 _a
_b生活医学书房
_c1995
300 _b
490 _a新健康手册;12
650 _a
942 _cBK
_o399.6 HWG
999 _c12357
_d12347